00313nam a22001097a 4500082002700000100003100027245002400058260004600082300003000128526003700158650000800195 a356.18bINFcL-30 P-41 aThe Infantry Journal, Inc. aInfantry in battle  aUSAbGarrett & Massie, Richmond, Virginia ax, 386 p. :bill. :c8 Cm a0b0c0d356_180000000000000_INF aMCE